Premier League kółko i krzyżyk - Statystyki

Ogólne statystyki
  • Ten quiz został rozwiązany 628 razy
  • Średni wynik to 5 z 9
Statystyki odpowiedzi
Hint Odpowiedź % Poprawnych
Arsenal/Czechy Cech | Rosicky | Papadopulos
84%
Chelsea/Ukraina Mudryk | Shevchenko
84%
Chelsea/Czechy Kalas | Cech | Jarosik
80%
Arsenal/Ukraina Zinchenko | Luzhnyi
74%
Chelsea/Dania Jorgensen | Christensen | Gronkjaer | Hogh | Goldbaek | Laudrup | Kjeldbjerg | Middelboe
58%
LFC/Czechy Berger | Smicer | Baros | Jaros
40%
LFC/Dania Poulsen | Agger | Nielsen | Stensgaard | Piechnik | Molby
23%
Arsenal/Dania Bendtner | Svard | Jensen
21%
LFC/Ukr Voronin
8%
Nie znaleziono quizów pasujących do podanych kryteriów
Rozkład punktacji
Procent ludzi z każdym wynikiem
Percentyl według liczby udzielonych odpowiedzi
Twoja historia wyników
Nie rozwiązałeś tego quizu